Estatísticas para Cultura Geral

Clique aqui para jogar o quiz

Estatísticas Gerais

  • Esse quiz foi jogado 19 vezes
  • A pontuação média é 8 de 15

Estatísticas das Respostas

HintResposta% Correto
Que empresa lançou o sistema operacional Windows?Microsoft
100%
Em que dia e mês do de 2001 aconteceu o ataque ás torres do World Trade Center, em Nova York?11 de Setembro
94%
Qual é a versão feminina de um bruxo?Bruxa
81%
Em que ano George W. Bush toma posse como presidente dos Estados Unidos?2001
75%
Qual é o 1º filme da saga Harry Potter?Harry Potter e a Pedra Filosofal
69%
Que país é famoso por seus fiordes?Noruega
63%
Segundo a lenda grega, quem abriu a caixa que continha todos os problemas do mundo?Pandora
63%
Os seis filhos de qual cantora se chamam Lourdes, Rocco, David, Mercy, Estere e Stelle?Madonna
56%
De qual filme veio a música "A Whole New World"?Aladdin
38%
Que item poderia ser uma Yamaha, Triumph ou Indian?Motocicleta
38%
Que tratado a Alemanha assinou com os Aliados em 1919 - pondo fim à Primeira Guerra Mundial?Tratado de Versalhes
38%
Em que país a maior parte de "O Senhor dos Anéis" foi filmada?Nova Zelândia
25%
Que objetos esvoaçantes os vexilologistas estudam?Bandeiras
19%
O que é algo usado por um ferreiro que também pode ser jogado em um personagem de desenho animado para efeito cómico?Bigorna
19%
Qual banda de rock foi fundada pelo baterista do Nirvana Dave Grohl após a morte de Kurt Cobain?Foo Fighters
19%

Distribuição das Pontuações

Percentil de Números Respondidos

Porcentagem de Pessoas com Cada Pontuação

Sua Pontuação Histórica

Você não jogou esse quiz